Statystyki dla Czego to stolica?

Kliknij tutaj aby rozwiązać quiz!

Ogólne statystyki

  • Ten quiz został rozwiązany 17 657 razy
  • Średni wynik to 12 z 30

Statystyki odpowiedzi

StolicaKraj/Terytorium% Poprawnych
AnkaraTurcja
86%
KijówUkraina
83%
RzymWłochy
81%
PragaCzechy
78%
SztokholmSzwecja
75%
Buenos AiresArgentyna
72%
BarcelonaKatalonia, Hiszpania
71%
BangkokTajlandia
67%
BelgradSerbia
64%
MonachiumBawaria, Niemcy
56%
HawanaKuba
56%
VallettaMalta
54%
TbilisiGruzja
46%
BelfastIrlandia Północna
43%
NairobiKenia
41%
BejrutLiban
40%
HanoiWietnam
40%
ManilaFilipiny
34%
TrypolisLibia
26%
BostonMassachusetts, USA
18%
TegucigalpaHonduras
15%
SanaJemen
15%
TorontoOntario, Kanada
12%
MonroviaLiberia
11%
SydneyNowa Południowa Walia,
Australia
10%
LhasaTybet, Chiny
10%
KajennaGujana Francuska
9%
Port LouisMauritius
8%
SaipanMariany Północne, USA
4%
LahaurPendżab, Pakistan
4%

Rozkład punktacji

Percentyl według liczby udzielonych odpowiedzi

Procent ludzi z każdym wynikiem

Twoja historia wyników

Nie rozwiązałeś tego quizu